|
|
|
|
| LEADER |
01298cam a2200361 a 4500 |
| 001 |
nkc20051285610 |
| 003 |
CZ PrNK |
| 005 |
20051025094602.0 |
| 007 |
ta |
| 008 |
050531s2005 xr a a 000 1 cze |
| 015 |
|
|
|a cnb001285610
|
| 020 |
|
|
|a 80-7237-946-1
|q (váz.)
|
| 035 |
|
|
|a (OCoLC)85149186
|
| 040 |
|
|
|a BOA001
|b cze
|d ABA001
|
| 072 |
|
7 |
|a 821-93
|x Literatura pro děti a mládež (beletrie)
|2 Konspekt
|9 26
|
| 080 |
|
|
|a 821-93
|2 MRF
|
| 080 |
|
|
|a (0.025.2)
|2 MRF
|
| 100 |
1 |
|
|a Bešťáková, Eva,
|d 1932-2021
|7 jk01011935
|4 aut
|
| 245 |
1 |
0 |
|a Učíme se poznávat zvířátka na statku :
|b co je to za zvířátko? /
|c [text Eva Bešťáková ; ilustrace Miloslav Disman]
|
| 246 |
3 |
0 |
|a Co je to za zvířátko?
|
| 250 |
|
|
|a České vyd. 1.
|
| 260 |
|
|
|a Praha :
|b Svojtka & Co.,
|c 2005
|
| 300 |
|
|
|a [10] s. :
|b vše barev. il. ;
|c 22 cm
|
| 500 |
|
|
|a Kartonové listy
|
| 655 |
|
7 |
|a publikace pro děti
|7 fd133156
|2 czenas
|
| 655 |
|
7 |
|a leporela
|7 fd132727
|2 czenas
|
| 655 |
|
9 |
|a children's literature
|2 eczenas
|
| 655 |
|
9 |
|a folding picture-books
|2 eczenas
|
| 700 |
1 |
|
|a Disman, Miloslav,
|d 1947-
|7 jn19981000662
|4 ill
|
| 910 |
2 |
|
|a BOA001
|b M2-1154.388
|
| 990 |
|
|
|a BK
|
| 995 |
|
|
|a 01
|
| 996 |
6 |
|
|b 2610254203
|c M2-1154.388
|l MZK
|r Sklad / do 24 hodin
|n 0
|p p.v.
|w 000778207
|u 000010
|a 1
|e BOA001
|j MZK50
|s P
|